|
|
|
|
| LEADER |
00000nab a2200000 a 4500 |
| 001 |
vtls011120057 |
| 003 |
SK-MaSNL |
| 005 |
20260303145453.0 |
| 008 |
230222|2012 xo |||||||||||||||||slo| |
| 015 |
|
|
|a SNBRB
|
| 035 |
|
|
|a (uuid)21a51afa-e4fb-4939-a6e2-5f66c85cf1c0
|
| 035 |
|
|
|a (urnnbn)urn:nbn:sk:snk:ar-a08p3u
|
| 035 |
|
|
|a urn:nbn:sk:snk-ab9qnn
|
| 040 |
|
|
|a SNKBUCL
|b slo
|c SNKBUCL
|e AACR2
|
| 041 |
0 |
|
|a slo
|
| 044 |
|
|
|a xo
|c SK
|
| 100 |
1 |
|
|a Knapik, Peter,
|d 1950-
|4 aut
|9 220640
|
| 245 |
1 |
0 |
|a Vzory spotrebiteľského správania a ekonomická kríza
|c Peter Knapik
|
| 246 |
3 |
|
|a The Consumer Behaviour Patterns and Economic Crisis
|
| 773 |
0 |
|
|t Studia commercialia Bratislavensia : vedecký časopis Obchodnej fakulty Ekonomickej univerzity v Bratislave
|g Roč. 5, č. 3 (2012), s. 387-402
|
| 954 |
|
|
|a odborná, vedecká literatúra pôvodná (slovenská)
|2 lita
|
| 958 |
|
|
|a OND
|
| 958 |
|
|
|a EUIPO
|
| 958 |
|
|
|a article13
|
| 999 |
|
|
|c 2003182
|d 2005112
|